Diurnum iuxta ritum sacri ordinis Praedicatorum auctoritate apostolica approbatum et reverendissimi Patris Fr. Josephi Mariae Larroca eiusdem ordinis Magistri generalis iussu editum

Detalles Bibliográficos
Autor Corporativo: Dominicos
Formato: Libro
Lenguaje:Undetermined
Latin
Publicado: Mechliniae : 1886
Materias:
Colección:Banco de datos
Acervo:Monasterio de Santa Catalina de Siena de la Orden de Santo Domingo de Puebla. Puebla
Descripción Física:[1] h., XXVII, 464, CLIV, 32 p. ; 12º
Tema general:Liturgia
LEADER 00738nam a2200157Ia 4500
008 150723s9999 xx 000 0 und d
041 0 |a lat 
110 1 |a Dominicos 
245 1 0 |a Diurnum iuxta ritum sacri ordinis Praedicatorum auctoritate apostolica approbatum et reverendissimi Patris Fr. Josephi Mariae Larroca eiusdem ordinis Magistri generalis iussu editum  
260 |a Mechliniae :   |b H. Dessain,   |c 1886 
300 |a [1] h., XXVII, 464, CLIV, 32 p.   |b    |c  ; 12º 
650 1 0 |a Liturgia  
949 |a Monasterio de Santa Catalina de Siena y Santa Ana del Convento de Dominicas del Estado de Puebla: 381 
942 |c DOMPUE 
943 |g Monasterio de Santa Catalina de Siena de la Orden de Santo Domingo de Puebla. Puebla 
999 |c 1105100  |d 1105100